000 nam a22 7a 4500
999 _c9210
_d9210
008 180124b ||||| |||| 00| 0 eng d
100 _bCBSE
_95468
245 _aFinancial Markets Part-II-XII
260 _aNew Delhi
_bCBSE
_c2008